Tướng Nguyễn Văn Vịnh

Sparad:
Bibliografiska uppgifter
Materialtyp: Bok
Språk:Undetermined
Publicerad: Tp HCM Tổng hợp Tp HCM 2003
Ämnen:
Taggar: Lägg till en tagg
Inga taggar, Lägg till första taggen!
Thư viện lưu trữ: Trung tâm Học liệu Trường Đại học Cần Thơ
LEADER 00465nam a2200181Ia 4500
001 CTU_56715
008 210402s9999 xx 000 0 und d
020 |b 45000 
082 |a 895.9228 
082 |b T561 
245 0 |a Tướng Nguyễn Văn Vịnh 
260 |a Tp HCM 
260 |b Tổng hợp Tp HCM 
260 |c 2003 
650 |a communists 
650 |x biography 
650 |z vietnam 
980 |a Trung tâm Học liệu Trường Đại học Cần Thơ